Ferns of the tropics

Bibliographic Details
Main Author: WEE
Format: Book
Published: Singapore : TimesEditions , 1997
Subjects:

MARC

LEADER 00000cam a2200000 7i4500
001 0000000125
005 20000717.0
020 0 0 |a 981204793X 
090 0 0 |a 635.9373   |b WEE 1997 
100 1 0 |a WEE   |h Yeow Chin 
245 1 0 |a Ferns of the tropics   |c Wee Yeow Chin 
260 0 0 |a Singapore :   |b TimesEditions ,   |c 1997 
300 |a 190 p. :   |b col. ill. ;   |c 24 cm. 
500 0 0 |a Bibliography: [p. 180-181] and index 
650 0 0 |a Ferns, ornamental 
650 0 0 |a Ferns, ornamental   |x Tropics 
650 0 0 |a Ferns   |x Tropics 
999 |a 0000001241   |b Monograph   |c Open Shelf   |e Default branch 
999 |a 0000001333   |b Monograph   |c Open Shelf   |e Default branch